| 000 | 00346 a2200157 4500 | ||
|---|---|---|---|
| 001 | 58962 | ||
| 020 | _a850801290X | ||
| 040 | _cAnchieta - Pituba | ||
| 100 | _aTavares, Luís Henrique Dias | ||
| 240 | 1 | 0 |
_aO fracasso do imperador _lpor |
| 245 | 1 | 0 | _aO fracasso do imperador |
| 300 | _a32 | ||
| 362 | 0 | _a1994 | |
| 650 | 4 | _aBrasil | |
| 942 | _cBK | ||
| 999 |
_c58962 _d58962 |
||